US Capitals per Length Quiz Stats

 Plays Quiz Updated Aug 12, 2013

Challenge
Share
Tweet
Embed
Score 0/9 Timer 01:30
0 Plays Today
# US Capitals % Correct
6Albany, Austin, Boston, Denver, Helena, Juneau, Pierre, Topeka
89.5%
10Baton Rouge, Carson City, Charleston, Harrisburg, Little Rock, Montgomery, Montpelier, Providence, Sacramento
85.9%
7Atlanta, Augusta, Concord, Jackson, Lansing, Lincoln, Madison, Olympia, Phoenix, Raleigh, Santa Fe, Trenton
84.6%
11Springfield, Tallahassee
64.6%
8Bismarck, Cheyenne, Columbia, Columbus, Hartford, Honolulu, Richmond
61.1%
5Boise, Dover, Salem
60.1%
12Indianapolis, Oklahoma City, Salt Lake City
48.4%
9Annapolis, Des Moines, Frankfort, Nashville, Saint Paul
45.4%
13Jefferson City
26.5%

You're not logged in!

Compare scores with friends on all Sporcle quizzes.
Join for Free
OR
Log In

You Might Also Like...

Show Comments

Extras

Top Quizzes Today


Score Distribution

Your Account Isn't Verified!

In order to create a playlist on Sporcle, you need to verify the email address you used during registration. Go to your Sporcle Settings to finish the process.

Report this User

Report this user for behavior that violates our Community Guidelines.

Details: